00361nam a22001097a 4500008004100000082001500041100002500056245008400081260004500165300002200210650001900232210827b ||||| |||| 00| 0 eng d a342.54 ACT aParliament of Bhutan aའབྲུག་གི་ཁྲིམས་དེབ། Acts of Bhutan Vol.xi aThimphu :bParliaments of Bhutan,c2021. ax, 315 p.c26 cm. aActs of Bhutan